000 00569nam a2200097Ia 4500
008 170517s9999 xx 000 0 und d
245 _aNo Logo: Brands, Globalization and Resistance
300 _aIn the age of the brand, logos are everywhere. But why do some of the world's best-known brands find themselves on the wrong end of the spray paint can -- the targets of anti-corporate campaigns by activists and protesters? No Logo, based on the best-selling book by...
650 _xMedia.
856 _uhttp://topdocumentaryfilms.com/no-logo-brands-globalization-resistance/
999 _c333539
_d333539